000 00774nam a2200253 a 4500
999 _c5878
_d5878
003 UkOxU
005 20220630070557.0
008 081104s2010 njua 001 0 eng d
020 _a0558762166
020 _a9780558762162
040 _cStDuBDS
050 _aQD251.3
_b.W33 2010
100 1 _aWade, L. G.,
_d1947-
245 1 0 _aOrganic chemistry /
_cL.G. Wade, Jr.
250 _a7th ed.
260 _aUpper Saddle River, N.J. ;
_aLondon :
_bPrentice Hall,
_cc2010.
300 _axxviii, 1262, [22] p. :
_bill. ;
_c27 cm.
500 _aPrevious ed.: Upper Saddle River, N.J.: Pearson/Prentice Hall, 2006.
500 _aIncludes index.
650 0 _aChemistry, Organic.
942 _2lcc
_cBK
_nMM